Normal view
MARC view
Entry Personal Name
001 - CONTROL NUMBER
- control field: 25786
003 - CONTROL NUMBER IDENTIFIER
- control field:
005 - DATE AND TIME OF LATEST TRANSACTION
- control field: 20250805134223.0
008 - FIXED-LENGTH DATA ELEMENTS
- fixed length control field: 250805|| aca||aabn | a|a d
040 ## - CATALOGING SOURCE
- Original cataloging agency:
- Transcribing agency:
100 ## - HEADING--PERSONAL NAME
- Personal name: Thompson, James Edgar,
- Dates associated with a name: 1892-
670 ## - SOURCE DATA FOUND
- Source citation: Work cat.: ()13285: Thompson, James Edgar, 1892-, Trigonometry for the practical man,, 1931.